000 00631nam a2200241 i 4500
001 C2-0230979
003 PPAK
005 20180728084053.0
008 001107s1974 enk |||| ||||| | eng d
020 _a0582350476
040 _aPPAK
_beng
_cPPAK
_erda
082 0 4 _a339
_223
090 0 0 _a339
_bSTA
_dKSI
100 1 _aStanlake, G.F.,
_eauthor
245 1 0 _aMacro-economics:
_ban introduction
264 1 _aLondon :
_bLongman ,
_c1974
300 _aix, 266 pages ;
_c21 cm
336 _2rdacontent
_atext
337 _2rdamedia
_aunmediated
338 _2rdacarrier
_avolume
650 1 0 _aMacroeconomics
942 _ddc
_cB
999 _c150483
_d150483